00322 a2200109 4500001001000000005001700010008004100027245005300068100002400121773005000145999001700195ART_4711620260410161843.0260409a 10aEl Jefe de Gobierno de la Ciudad de Buenos Aires1 aBianchi, Alberto B.0 tRAPg- Año 40, Nº 473 (feb. 2018)wREV5941 c24248d24248